000 01521nam a2200337 i 4500
001 8872
003 ES-MaACL
005 20250808063451.0
008 921110r19861850sp |||| | spa d
017 _aS 831-1986
_bOficina Depósito Legal Salamanca
020 _a84-86047-83-8
080 _a908(460.41)"18"(038)
100 1 _aMadoz, Pascual,
_d1806-1870
_eaut
_975334
245 1 0 _aDiccionario geográfico-estadístico-histórico de Canarias /
_cPascual Madoz ; estudio introductorio, Ramón Pérez González ; [editor de la obra, Domingo Sánchez Zurro]
250 _aEd. facs.
260 _aValladolid :
_bÁmbito,
_c1986
300 _aXV, 229 páginas :
_bilustraciones, mapas ;
_c27 cm
501 _aIncluye: Atlas de España y sus posesiones de Ultramar. Canarias / Francisco Coello, 1849
534 _pReproducción parcial de:
_tDiccionario geográfico-estadístico-histórico de España y sus posesiones de ultramar por Pascual Madoz.
_cMadrid, 1845-1850
651 4 _aCanarias-
_xDescripción-
_vDiccionarios
_97944
651 4 _aCanarias-
_xDescripción-
_yS.XIX
_9241649
655 7 _2tgfbne
_9226495
_aFacsímiles
700 1 _aPérez González, Ramón
_eaui
_990917
700 1 _aSánchez Zurro, Domingo J.
_epbl
_9102999
700 1 _aCoello, Francisco,
_eaut
_d1822-1898
_939459
740 0 2 _aAtlas de España y sus posesiones de ultramar. Canarias.
852 4 _aES-MaACL
_cDEPO2
_jL-16347
942 _2udc
_cMONOGRAFIA
_n0
999 _c8872
_d8872